| 000 | 04321nam a22003137i 4500 | ||
|---|---|---|---|
| 001 | TCPA 51 | ||
| 003 | gtcocun | ||
| 005 | 20250910235134.0 | ||
| 006 | a||||gr|||| 00| 0 | ||
| 008 | 250910b2017 gt ||||| m||| 00| 0 eng d | ||
| 040 |
_agtcocun _bSPA _cgtcocun _eRDA |
||
| 041 | _aSPA | ||
| 084 | _0TCPA 51 | ||
| 100 |
_aMacz Rivas, Ulises Gilberto _eAutor |
||
| 245 |
_aInforme final del Ejercicio Profesional Supervisado, realizado en la municipalidad de Purulhá, departamento de Baja Verapaz/ _cUlises Gilberto Macz Rivas _hImpreso |
||
| 264 |
_aCobán, Alta Verapaz: _bUniversidad de San Carlos de Guatemala, Centro Universitario del Norte, Licenciatura en Contaduría Pública y Auditoría. _c2017 |
||
| 300 |
_a91 p.: _bIlustraciones, gráficas. _c28 cm; |
||
| 336 |
_2rdacontenido _aTexto _btxt |
||
| 337 |
_2rdamedio _aComputadora _bn |
||
| 338 |
_2rdasoporte _aCódigo en línea _bcr |
||
| 502 | _e. | ||
| 502 |
_aTesis de grado _bLicenciatura en Contaduría Pública y Auditoría. _cUniversidad de San Carlos de Guatemala, Centro Universitario del Norte, Licenciatura en Contaduría Pública y Auditoría. _d2017 _oTCPA 51 |
||
| 520 | _aLas instituciones municipales en el país contribuyen grandemente al desarrollo social y sostenible de los municipios, y dado que son entidades enfocadas al servicio público, estas administran recursos que provienen de fondos nacionales y de las captaciones que realizan del municipio que gobiernan, por dicha razón deben administrar eficiente y adecuadamente los recursos. Por lo tanto, es fundamental que este tipo de instituciones, velen por el mantenimiento y cumplimiento adecuado de sus sistemas de control y auditoría, para poder demostrar una gestión transparente y adecuada de los recursos que administran. Y de esta forma poder realizar la rendición de cuentas, apegados a leyes, normas, regulaciones y políticas nacionales ante las instituciones fiscalizadoras encargadas de verificar la adecuada gestión del gasto público. Según lo tipificado anteriormente se presentan a continuación una serie de actividades desarrolladas, en la Municipalidad de Purulhá, del departamento de Baja Verapaz. Con el fin de coadyuvar al desarrollo de los objetivos institucionales de la corporación municipal. Por lo tanto, dichas actividades fueron analizadas, identificadas, determinadas y concretadas a través de una serie de etapas de diagnóstico, planificación, ejecución y finalización, en las cuales se seleccionaron tres actividades relevantes que fueron enfocadas de la siguiente forma: dos orientadas al desarrollo de auditorías y una al fortalecimiento del control interno institucional. En cuanto a las actividades de auditoría realizadas, por un lado se efectuó la auditoría administrativa la cual fue enfocada al área de inventarios, y en la que se obtuvieron veintiún hallazgos significativos plasmados en un informe final de auditoría los cuales vienen apoyar el fortalecimiento de los procesos realizados en dicha área, y por otro lado se realizó un examen especial de auditoría enfocada sobre dos cuentas de importancia relativa para la institución municipal las cuales fueron propiedad y planta en operación y construcciones en proceso, que dieron lugar a un informe final de auditoría el cual reflejo ocho hallazgos de gran importancia financiera. En cuanto a la actividad enfocada al fortalecimiento del control interno institucional, fue efectuado el aumento de la eficiencia y aplicación de los procesos de control interno, en el área de almacén, en la cual se logró implementar satisfactoriamente nuevos controles sistematizados y se aplicaron procesos ya establecidos en esta área. Por lo tanto, como manifiesto general, es recomendable que la dirección municipal pueda solicitar el involucramiento de forma más directa en los procesos de auditoría y de control interno, al área de auditoría interna municipal. | ||
| 650 | 1 | 4 |
_2LEMB _aPurulhá, Baja Verapaz _xInventarios _xárea financiera _xcontrol interno |
| 700 |
_aLic. Carlos Abraham Sierra Alvarado _eAsesor |
||
| 856 |
_uhttps://drive.google.com/file/d/1SMbuCiuZIpSN-HM2qHJD0ivuhYCWnY84/view?usp=sharing _yPDF _zUn ejemplar en línea. |
||
| 942 |
_2ddc _cTES _iTCPA_51 _kClasificación _n0 _6TCPA__51 |
||
| 999 |
_c1785 _d1785 |
||